01165cam a2200349 i 45000010008000000030009000080050017000170070008000340080029000420150006000710170009000770200015000860350006001010400025001070800006001320820026001380920020001641000028001842450100002122600040003123000024003524900020003765340080003965900026004766500029005026500033005317000042005649100042006069420012006489520138006609990017007980000491DO-SdBNP20241011134034.00000491100514s1986 sp | 000 f spa  a  a b  a8476348258 a  aBPMSUbspacBPMSUe  a  4a843.8bV531J 1986222 a843.8bV531di 1 aVerne, Juliod1828-190510aJulio Verne : bEl desierto de hielo /cJulio Verne ; traducción D. A. Ribot y Fontseré h  aBarcelona:bEdiciones Orbis,c1986. a254 p.: bil.c20 m0 aJulio Verne,v9 pTítulo original : tLe désert de glace. Aventures du capitaine Hatteras aInventariado, 2024/VM 4aNovela juvenil francesa  4aLiteratura juvenil francesa 1 aRibot y Fontseré, D. A.etraductor  a VMateo V. Control de calidad. BPMSU  2ddccBK 00102ddc40708CJ-GaBPMETbBPMETd2016-07-06eFUNDIl0oBPMSU CJG 843.8 V531J 1986pBPMSU16070151r2016-07-06tv.9w2016-07-06yBK c10723d10723